1255 1011 1475 1814 1377 1310 1743 1445 1868 1099 1541 1177 1862 1324 1325 1760 1058 1638 1836 1389 1532 1206 1027 1656 1551 1512 1377 1506 1969 1702 1670 1874 1233 1262 1963 1281 1352 1770 1139 1274 1180 1783 1475 1797 1117 1738 1960 1517 1123 1262 1431 1581 1030 1162 1776 1861 1222 1514 1931 1141 1809 1837 1491 1962 1132 1701 1767 1346 1631 1968 1945 1362 1470 1864 1186 1449 1884 1763 1638 1990 1948 1334 1971 1512 1189 1008 1307 1300 1246 1178 1168 1427 1912 1427 1915 1320 1106 1577 1336 BCNSPRNW ULIB Ver.6.0+V

เปลี่ยนเป็นภาษาไทย

Change to English
 แสดงรายละเอียดบรรณานุกรม
  กลับหน้าหลัก

Brief Record : Get Marc (ISO 2709) : E-mail record : QR code < ปิดหน้าต่าง
LEADER : 00000nam 2200000uu 4500
001    13399110833
003     ULIB
008    110609s2551||||th 000 0 tha d
020    9789740536932
060 04 WS113^bอ131ภ 2551
100 0  อดิศักดิ์ ผลิตผลการพิมพ์
245 10 ภัยใกล้ตัวที่พ่อแม่มองไม่เห็นเด็กไทยจมน้ำตายอันดับหนึ่ง /^cอดิศักดิ์ ผลิตผลการพิมพ์
250    พิมพ์ครั้งที่ 1
260    กรุงเทพฯ :^bเนชั่นบุ๊คส์,^c2551
300    182 หน้า
650  7 สุขภาพ
650  7 เด็ก
650  7 ภัยใกล้ตัว
650  7 จมน้ำตาย
945    ^p165^l0^i024428
995    ทศพร
999 ^a ใช้งานได้ทุกระบบ
รายการนี้ยังไม่มีแท็ก
คุณยังไม่ได้ล็อกอิน คุณสามารถมีกิจกรรมร่วมกับเว็บไซต์ได้ แต่ต้องล็อกอินก่อน ::
  ล็อกอิน

รายการสื่อสารสนเทศ

ลำดับที่ ประเภท เลขเรียก/บาร์โค้ด สถานที่ สถานะ
- ไม่พบข้อมูล -

รายการใกล้เคียง
    ผู้แต่ง [อดิศักดิ์ ผลิตผลการพิมพ์]

    หัวเรื่อง [สุขภาพ]
    หัวเรื่อง [เด็ก]
    หัวเรื่อง [ภัยใกล้ตัว]
    หัวเรื่อง [จมน้ำตาย]

BibComment


ยังไม่เคยถูกคอมเมนท์

คอมเมนท์ทรัพยากรรายการนี้
  คอมเมนท์: ภัยใกล้ตัวที่พ่อแ..


 Copyright 2026. Bcnsprnw @Library